000 00470 a2200157 4500
003 Nust
005 20221205101728.0
040 _cNust
082 _a150.92,SUB
100 _aLeonard Zusne
245 _aName in the History of Psychology A Biographical Sourcebook
_cLeonard Zusne
260 _aIslamabad
_bNational Book Foundation
300 _axvii,489 p.;
505 _aAll Names in the History of Psychology A Biographical Sourcebook
942 _2ddc
_cBK
_k150.92,SUB
999 _c176926
_d176926